000 01224nam0a22003011 4500
001 rc\3632579
005 20260407144633.0
021 _aRU
_b73-83861
021 _aRU
_bРг15520-73
035 _a(NLR Aleph) 007724178
090 _a6984557
_c6984557
100 _a20130115d1973 |||y0rusy50 ca
101 0 _arus
102 _aRU
105 _aa z |||||
200 1 _aМетодика выборочного приемочного контроля качества по альтернативному признаку для продукции поточного производства
_fГос. ком. стандартов Совета Министров СССР. Всесоюз. науч.-исслед. ин-т стандартизации
205 _a1-я ред.
210 _aМосква
_cБ. и.
_d1973
215 _a34 с.
_cил.
_d20
300 _aНа 34-й с. исполнитель: А.А. Пахомов
320 _aБиблиогр.: с. 31-32
702 1 _aПахомов
_bА.А.
_4570
712 0 2 _aВНИИ стандартизации
_3RU\NLR\AUTH\8810020283
_9538563
801 0 _aRU
_bNLR
_gpsbo
801 1 _aRU
_bELAR
_2rusmarc
852 _aNLR
_j73-4/34157
942 _cBOOK
980 _aNB